000 01556nam a2200469 i 4500
001 29141
003 KOSZ 005
005 20200617140214.0
008 130722s1966 pl a f f |000 0 pol
035 _a991017731789705066
035 _a(PL-WaBN)b29236630-48omnis_nlop
035 _ab29236630
035 _a(OCoLC)864191412
035 _a(PL)b0000002923663
035 _a(EXLNZ-48OMNIS_NETWORK)9910106435905606
040 _aWA N
_cWA N
_dKOSZ 005/EG
080 _a537
080 _a(075.8)
100 1 _aSzczeniowski, Szczepan
_d(1898-1979)
_eAutor
245 1 0 _aFizyka doświadczalna.
_nCz. 3,
_pElektryczność i magnetyzm /
_cSzczepan Szczeniowski.
246 3 0 _aElektryczność i magnetyzm
250 _aWyd. 2 popr. i uzup.
260 _aWarszawa :
_bPWN,
_c1966.
300 _a565 s. ;
_c23 cm.
336 _aTekst
_btxt
_2rdacontent
337 _aBez urządzenia pośredniczącego
_bn
_2rdamedia
338 _aWolumin
_bnc
_2rdacarrier
380 _aKsiążki
380 _aPublikacje dydaktyczne
385 _mPoziom nauczania
_aSzkoły wyższe
388 _a1901-2000
388 _a1945-1989
650 7 _aElektryczność
_2DBN
650 7 _aFizyka
_2DBN
650 7 _aMagnetyzm
_2DBN
655 7 _aPodręczniki akademickie
_2DBN
658 _aFizyka i astronomia
710 2 _aPaństwowe Wydawnictwo Naukowe
_4pbl
856 _uhttp://koha.tu.koszalin.pl/cgi-bin/koha/opac-detail.pl?biblionumber=29141
_yKatalog online BPK
942 _2UKD
_cKS
999 _c29141
_d29141